00189nam a2200073Ia 4500008004100000082000800041100001700049245004900066240331s9999 xx 000 0 und d bTAM aTambiah, H.W 4aThe Laws and customs of the Tamils of Jaffna